Grey's anatomy- ordre départ - Statistiques

Statistiques générales
  • Ce quiz a été pris 521 fois
    501 depuis la dernière actualisation
  • Le résultat moyen est 6 sur 25
Statistiques - réponses
Dernier épisode Réponse % Correct
0902 Mark Sloan
62%
0824 Lexie Grey
61%
1122 Derek Shepherd
54%
0612 Izzie Stevens
53%
0601 George O'malley
51%
1024 Cristina Yang
45%
1424 Arizona Robbins
40%
1424 April Kepner
39%
1224 Callie Torres
35%
1024 Shane Ross
26%
0507 Erika Hahn
17%
1324 Stephanie Edwards
17%
0624 Reed Adamson
13%
0523 Denny Duquette
10%
1002 Heather Brooks
6%
1405 Nathan Riggs
6%
1022 Preston Burke
6%
0813 Addison Montgomery
5%
1313 Leah Murphy
5%
0810 Henry Burton
4%
0910 Adèle Webber
3%
0813 Charles Percy
3%
1424 Matthew Taylor
3%
1407 Ellis Grey
1%
1511 Thatcher Grey
1%
Aucun quiz correspondant
Distribution des résultats
% des personnes avec chaque résultat
Percentile par nombre de réponses
Votre historique - résultats
Vous n’avez pas pris ce quiz depuis la dernière actualisation